| Поле | Инд. | ПП | Название | Значение |
|---|---|---|---|---|
| Тип записи | a | |||
| Библиографический уровень | b | |||
| 001 | Контрольный номер | RU/IS/BASE/145380427 | ||
| 005 | Дата корректировки | 20200526194727.6 | ||
| 084 | a | Индекс другой классификации/Индекс ББК | 65.202.2-94в642; 65.207.2-94в642 | |
| 097 | 00 | a | 750 | |
| 100 | 10 | a | Автор | Подузов А. А. |
| q | Полное имя | Подузов Александр Александрович | ||
| 245 | 00 | a | Заглавие | Шкала эквивалентности как инструмент измерения уровня жизни |
| 504 | 00 | a | Библиография | Примеч. - Лит.: с. 122 - 123 |
| 520 | 00 | a | Аннотация | "Рассматривается широко используемый за рубежом инструмент количественной оценки уровня жизни - так называемая шкала эквивалентности. В ней рассматривается теоретическая суть этого понятия, приводится классификация известных из литературы шкал, даны результаты собственных расчетов основных типов шкал и сравнительный анализ их достоинств и недостатков." |
| 650 | a | Основная рубрика | математическая экономика | |
| a | Основная рубрика | экономика | ||
| 653 | 00 | a | Ключевые слова | благосостояние домохозяйств |
| a | Ключевые слова | домашние хозяйства (домохозяйства) | ||
| a | Ключевые слова | доходы домохозяйств | ||
| a | Ключевые слова | количественные методы | ||
| a | Ключевые слова | концепция уровня жизни | ||
| a | Ключевые слова | макроэкономика | ||
| a | Ключевые слова | метод Ротбарта Э. | ||
| a | Ключевые слова | метод Энгеля Э. | ||
| a | Ключевые слова | методология экономических расчетов | ||
| a | Ключевые слова | социальная стратификация | ||
| a | Ключевые слова | социальное неравенство | ||
| a | Ключевые слова | уровень жизни | ||
| a | Ключевые слова | шкала эквивалентности | ||
| a | Ключевые слова | экономические расчеты | ||
| a | Ключевые слова | экспертные шкалы | ||
| a | Ключевые слова | эмпирические шкалы | ||
| 700 | 10 | a | Автор | Кукушкин Д. К. |
| q | Полное имя | Кукушкин Дмитрий Климович | ||
| 773 | 00 | t | Заглавие источника | Проблемы прогнозирования |
| d | Дата издания источника | 2000 | ||
| g | Прочая информация | № 7. - С. 198 - 123 : табл., экон. расчет. | ||
| w | Контрольный № источника | RU/IS/BASE/142087671 | ||
| 901 | t | Тип документа | b |